000 01204nam a2200133Ia 4500
008 220615s9999||||xx |||||||||||||| ||und||
020 _a9783040000000
245 0 _aCoastal Deposits: Environmental Implications, Mathematical Modeling and Technological Development
546 _aEnglish[eng]
650 _aQuy Nhon port||dredged materials||dumping location||mud transport||particle tracking||2D model||ratio-based impervious surface index||remote sensing information extraction||urban impervious surface||urbanisation||fuzzy AHP||fuzzy TOPSIS||titan mining||environmental conflict||Ky Anh||Vung Ang Economic Zone||Central Coast Vietnam||beach sand stabilization||coastal erosion||local ureolytic bacterium||microbial induced carbonate precipitation||crystal morphology||nearshore areas||microbially induced carbonate precipitation||ureolytic bacteria||urease activity||biomineralization||coastal erosion protection||artificial beachrock||video monitoring||shoreline change||nearshore sandbars||Fangar bay||wind||shallow and small-scale bay||estuary||micro tidal||n/a
700 _aPérez Arlucea, Marta||González-Villanueva, Rita
856 _uhttps://mdpi.com/books/pdfview/book/4153
942 _cEB
999 _c11098
_d11098